| 000 | 00905cab a22002535a 4500 | ||
|---|---|---|---|
| 001 | L150405 | ||
| 008 | 100708e20100703xxk 000 0 eng d | ||
| 035 | _a(Sirsi) u150405 | ||
| 041 | 0 | _aeng | |
| 100 | 1 | _aMclean, Simon | |
| 245 | 0 | 0 | _aRuling the roost |
| 260 | _c2010 | ||
| 490 |
_aEstates Gazette _v(1026) 3 July 2010, 86-87(2) |
||
| 520 | _aPre-emptive bat surveys should be undertaken before commencing development work. Describes typical habitats for bats. Summaries regulations and guidelines for protection of bats. | ||
| 590 | _aKA | ||
| 650 | 2 | 4 | _aWILDLIFE AND COUNTRYSIDE ACT 1981 S9 |
| 650 | 2 | 4 | _aCONSERVATION (NATURAL HABITATS, ETC) REGULATIONS 1994 |
| 650 | 2 | 4 | _aDIRECTIVE 92/43/EEC |
| 650 | 2 | 4 | _aPLANNING POLICY STATEMENT NINE |
| 650 | 2 | 4 | _aBS PAS 2010:2006 |
| 651 | 4 |
_aUnited Kingdom _y |
|
| 690 | _aENVIRONMENT AND LAND CONSULTANCY-PLANNING AND DEVELOPMENT | ||
| 942 | _n0 | ||
| 999 |
_c82497 _d82497 |
||